00864nam a2200229Ia 4500003000400000005001700004008004100021020001500062040001800077041000800095082002200103245007300125250001200198260004900210300003000259650003100289650005600320700003900376942003500415999001900450952016500469OSt20250225103551.0210716s2007 xx 000 0 und d a8131407411 cAIMIT LIBRARY aeng a658.406 21bPRAB aTemping:ban introduction /cEdited by B V S Prasad and K Sangeetha. a1st ed. aHyderabad :bICFAI University Press ;c2007. avii,239,5p. ;bPBc23 cm. aIndian Experiences9202515 aTemporary agency work in the european union9202516 aPrasad, B V; Sangeetha, K.9202517 2ddccBKe1st ed.k658.406 PRAB c202427d202427 00102ddc40708MBAaAIMITbAIMITd2006-08-03g450.00iBill no:193/BK/S.A/08; Bill dt:2l0o658.406 PRABpMBA04993r2026-05-23 00:00:00v225.00w2021-07-16yBK